| 000 | 00594nam a22001817a 4500 | ||
|---|---|---|---|
| 005 | 20120607111810.0 | ||
| 020 |
_a0333934326 _cRs. 48.50 (pbk) |
||
| 035 | _aB-77668 | ||
| 037 |
_aDPL _bENG |
||
| 100 |
_aVerghese, Gigie A. _948589 |
||
| 245 |
_aUnderstanding physics / _cby Gigie A. Verghese and Bharathi Ramanan |
||
| 250 | _arprn. | ||
| 260 |
_aDelhi _bMacmillan India Ltd. _c2002 |
||
| 300 |
_a112p. _c22 cms. |
||
| 700 |
_aRamanan, Bharathi _948590 |
||
| 942 |
_2ddc _cEN _h530 _mVER |
||
| 999 |
_c67617 _d67617 |
||